=LDR 00000nam 2200000 4500 =001 INLIS000000000007779 =005 20130612095726 =008 ***********************************Ind** =035 ##$$0010-061300000007779 =041 ##$$a Ind =082 ##$$a 152.4 =090 ##$$a 152.4, Lak m =100 ##$$a Lake, Tony =245 ##$$a Mengatasi rasa duka, Dr. Tony Lake =260 ##$$a 1990 $b Jakarta =300 ##$$a v, 186 hlm, 21 cm =650 ##$$a Emosi dan Perasaan =990 ##$$a 0001/BPAP-NTB/2016